000 00983nas a2200313 4500
001 BR0202759
003 BR-BrBNA
005 20231205103016.0
007 ta
008 230509b bl.|||p| |||| 00| 00por d
040 _aBR-BrBNA
_bpor
_cBiblioteca Nacional de Agricultura
041 _a(Pt)
072 _aL02
100 1 _aSampaio, A.A.M.
100 1 _aBrito, R.M. de
100 1 _aCruz, G.M. da
100 1 _aAlencar, M.M. de
100 1 _aBarbosa, P.F.
100 1 _aBarbosa, R.T.
245 1 _aUtilização de NaCl no suplemento como alternativa para viabilizar o sistema de alimentação de bezerros em creep-feeding
650 _aBEZERRO DE CORTE
650 _aCAPIM BRACHIÁRIA
650 _aSAL
650 _aGANHO DE PESO
650 _aALIMENTAÇÃO SUPLEMENTAR
773 0 _tRevista Brasileira de Zootecnia (Brazil)
_xISSN 1516-3598
_g(Jan-Feb 2002), v. 31(1) p. 164-172
_wBR0202759
909 _a202311
_bLúcia
_c55
_dLúcia Elande
942 _2AGRIS
_n0
_cANA
999 _c170534
_d170534